000 00949nam a2200229Ii 4500
003 JO-AjNU
008 230605s9999||||xx |||||||||||||| ||und||
017 _a2013/5/1553
020 _a978-9957-16-822-3
040 _aJO-AjNU
_bara
_erda
_cJO-AjNU
041 _aara
050 1 4 _aKMM100.9.U3354.2014
100 3 _a عكاشة ، خالد كمال ,
_eauthor
_950753
245 0 0 _aدور التحكيم في فض منازعات عقود الاستثمار " دراسة مقارنة لبعض التشريعات في الدول العربية والأجنبية والاتفاقيات الدولية وخصوصية مركز واشنطن (ICSID)
250 _aط1
264 3 1 _aعمان : دار الثقافة ، 2014
300 _a464ص
336 _atext
_btxt
_2rdacontent
337 _aunmediated
_bn
_2rdamedia
338 _avolume
_bnc
_2rdacarrier
650 4 _aالتحكيم -- الاستثمار -- القانون المدني
_950754
999 _aA22376
_c25944
_d25944